MARC details
| 000 -LEADER |
| fixed length control field |
01541mam a2200325 a 4500 |
| 001 - CONTROL NUMBER |
| control field |
3032991 |
| 003 - CONTROL NUMBER IDENTIFIER |
| control field |
ARRUPE |
| 005 - DATE AND TIME OF LATEST TRANSACTION |
| control field |
20161129121450.0 |
| 008 - FIXED-LENGTH DATA ELEMENTS--GENERAL INFORMATION |
| fixed length control field |
000405s2001 ncuab b s001 0 eng |
| 010 ## - LIBRARY OF CONGRESS CONTROL NUMBER |
| LC control number |
00039250 |
| 020 ## - INTERNATIONAL STANDARD BOOK NUMBER |
| International Standard Book Number |
0807825891 (cloth : alk. paper) |
| 020 ## - INTERNATIONAL STANDARD BOOK NUMBER |
| International Standard Book Number |
0807849030 (pbk. : alk. paper) |
| 035 ## - SYSTEM CONTROL NUMBER |
| System control number |
(OCoLC)ocm43864396 |
| 040 ## - CATALOGING SOURCE |
| Original cataloging agency |
DLC |
| Transcribing agency |
DLC |
| Modifying agency |
C#P |
| -- |
OrLoB-B |
| 043 ## - GEOGRAPHIC AREA CODE |
| Geographic area code |
n-us--- |
| -- |
f-rh--- |
| 050 00 - LIBRARY OF CONGRESS CALL NUMBER |
| Classification number |
E183.8.Z55 |
| Item number |
H67 2001 |
| 082 00 - DEWEY DECIMAL CLASSIFICATION NUMBER |
| Classification number |
327.7306891 |
| Edition number |
21 |
| 300 ## - PHYSICAL DESCRIPTION |
| Other physical details |
ill., map ; |
| Dimensions |
25 cm. |
| 100 1# - MAIN ENTRY--PERSONAL NAME |
| Personal name |
Horne, Gerald. |
| 9 (RLIN) |
27711 |
| 245 10 - TITLE STATEMENT |
| Title |
From the barrel of a gun : |
| Remainder of title |
the United States and the war against Zimbabwe, 1965-1980 / |
| Statement of responsibility, etc |
Gerald Horne. |
| 260 ## - PUBLICATION, DISTRIBUTION, ETC. (IMPRINT) |
| Place of publication, distribution, etc |
Chapel Hill : |
| Name of publisher, distributor, etc |
University of North Carolina Press, |
| Date of publication, distribution, etc |
c2001. |
| 300 ## - PHYSICAL DESCRIPTION |
| Extent |
389 p. : |
| 440 ## - SERIES STATEMENT/ADDED ENTRY--TITLE |
| Title |
Southern African Political Economy series |
| 9 (RLIN) |
26374 |
| 504 ## - BIBLIOGRAPHY, ETC. NOTE |
| Bibliography, etc |
Includes bibliographical references (p. [287]-362) and index. |
| 505 00 - FORMATTED CONTENTS NOTE |
| Miscellaneous information |
I. |
| Title |
Preamble -- |
| -- |
Introduction: Rhodesia Retreats. |
| Miscellaneous information |
1. |
| Title |
Toward Zimbabwe -- |
| Miscellaneous information |
II. |
| Title |
Power. |
| Miscellaneous information |
2. |
| Title |
The White Atlantic. |
| Miscellaneous information |
3. |
| Title |
White (Cultural and Ideological) Power -- |
| Miscellaneous information |
III. |
| Title |
Policy. |
| Miscellaneous information |
4. |
| Title |
White House, Checkered Policy. |
| Miscellaneous information |
5. |
| Title |
The Business of War -- |
| Miscellaneous information |
IV. |
| Title |
People. |
| Miscellaneous information |
6. |
| Title |
Soldiers of Fortune. |
| Miscellaneous information |
7. |
| Title |
Africans and African Americans. |
| -- |
Conclusion: Zimbabwe, South Africa, and the United States. |
| 650 ## - SUBJECT ADDED ENTRY--TOPICAL TERM |
| Topical term or geographic name as entry element |
United States |
| General subdivision |
Foreign relations |
| Geographic subdivision |
Zimbabwe |
| 9 (RLIN) |
27712 |
| 651 #0 - SUBJECT ADDED ENTRY--GEOGRAPHIC NAME |
| Geographic name |
Zimbabwe |
| General subdivision |
Foreign relations |
| Geographic subdivision |
United States |
| 9 (RLIN) |
27713 |
| 651 #0 - SUBJECT ADDED ENTRY--GEOGRAPHIC NAME |
| Geographic name |
Zimbabwe |
| General subdivision |
Foreign relations |
| Chronological subdivision |
1965-1980 |
| 9 (RLIN) |
25947 |
| 900 ## - EQUIVALENCE OR CROSS-REFERENCE-PERSONAL NAME [LOCAL, CANADA] |
| Numeration |
TOC |
| 942 ## - ADDED ENTRY ELEMENTS (KOHA) |
| Source of classification or shelving scheme |
Library of Congress Classification |
| Koha item type |
Monograph ( Printed materials) |